LIBRARY & INFORMATION CENTRE, KCAET, TAVANUR

ONLINE PUBLIC ACCESS CATALOGUE (OPAC)

Essential oils: Vol 5 / (Record no. 9530)

MARC details
000 -LEADER
fixed length control field 00464cam a2200193ua 4500
041 ## - LANGUAGE CODE
Language code of text/sound track or separate title eng
082 ## - DEWEY DECIMAL CLASSIFICATION NUMBER
Classification number 547.71
Item number GUE/ES
100 ## - MAIN ENTRY--AUTHOR NAME
Personal name Guenther, Ernest .
245 ## - TITLE STATEMENT
Title Essential oils: Vol 5 /
250 ## - EDITION STATEMENT
Edition statement 1 /
260 ## - PUBLICATION, DISTRIBUTION, ETC. (IMPRINT)
Place of publication New Jersy :
Name of publisher D.Van Nostrand Co. ,
Year of publication 1952.
300 ## - PHYSICAL DESCRIPTION
Number of Pages 507 ; .
942 ## - ADDED ENTRY ELEMENTS (KOHA)
Koha item type Books
Holdings
Withdrawn status Lost status Damaged status Home library Current library Date acquired Full call number Accession Number Koha item type
      KAUAET KAUAET 07/04/2012 547.71 10608 Books
free website counter